000 00564nam a2200217 i 4500
001 C2-0298288
003 PPAK
005 20180729000801.0
008 090531s2004 my |||| ||||| | eng d
040 _aPPAK
_beng
_cPPAK
_erda
245 1 0 _aPredator 2
264 1 _aKuala Lumpur :
_bMovie Magic ,
_c2004
336 _2rdacontent
_atext
337 _2rdamedia
_aunmediated
338 _2rdacarrier
_avolume
500 _aVCD 3087/09
700 _eauthor
700 1 _aHopkins, Stephen,
_ecompile
700 1 _aGoldblatt, Mark,
_eeditor
942 _2ddc
_cVCD
999 _c165684
_d165684